| 000 | 01072nmm a2200289 a 4500 | ||
|---|---|---|---|
| 001 | ocm0001916503 | ||
| 003 | TR-IsHL | ||
| 005 | 20201028175100.0 | ||
| 008 | 180925s2018 tu tur | ||
| 007 | cr cn | ||
| 020 | _a9786059555227 | ||
| 035 |
_a1916503 _b(N$T) |
||
| 050 | 0 | 4 |
_aPJ7862.A49 _bV419 2018 |
| 090 | 0 | 4 |
_aPJ7862.A49 _bV419 2018 |
| 100 | 1 | _aAbdülhamid Cude Es - Sahhar. | |
| 245 | 1 | 0 |
_aYüce dosta kavuşma: Hz. Peygamber'in vefatı _h[electronic resource] / _cAbdülhamid Cude Es - Sahhar. ; Abdulhamid Cude Es-Sahhar ; çeviren Yerinde Adem |
| 260 |
_aİstanbul : _bİnkılab Yayınları, _c2018 |
||
| 300 | _a288 p. | ||
| 500 | _aÖzgün eser adı: Vefâtü'r-Rasûl (Muhammed Rasûlullah vellezîne meahu | ||
| 650 | 4 | _aDil ve Edebiyat | |
| 650 | 4 | _aLanguage and Literature | |
| 650 | 0 | _aMısır romanı | |
| 650 | 0 | _aEgyptian fiction | |
| 650 | 7 |
_aLITERARY COLLECTIONS / Middle Eastern _2bisacsh |
|
| 700 | 1 | _aYerinde, Adem | |
| 856 | 4 | 0 | _uhttp://search.ebscohost.com/login.aspx?direct=true&scope=site&db=e011xww&AN=1916503 |
| 999 |
_c18499 _d18499 |
||